000 00664nam a2200145Ia 4500
008 150609s9999 xx 000 0 und d
050 _aTP 1 .Ab141 2015
_b.Ab141 2015
100 _aAbelo, Kaye Marie.
245 2 _aA comparative analysis of acorus calamus (lubigan) oil and cedar wood oil as effective immersion oil /
_cKaye Marie Abelo, Dyanara Barrios, Kristiane Raj Chand, Ma. Zania Miguela Laput, Cyrene Mendoza, Soraine, Palawa.
260 _aLas PiƱas, Philippines :
_bSISC,
_c2015.
300 _a56 pages :
_bcolor illustrations ;
_c28 cm.
500 _aIncludes bibliographical references and appendices.
650 _aChemical
650 _xImmersion Oil
999 _c285025
_d285025